[Event "Druga liga Srbije grupa Vojvodina 2013"]
[Site "Stari Banovci"]
[Date "2013.11.04"]
[Round "1.5"]
[White "Dokic, Zoran"]
[Black "Vujasinovic, Mihajlo"]
[Result "1-0"]
[WhiteElo "2179"]
[BlackElo "2153"]
[PlyCount "90"]
[EventDate "2013.11.04"]

1. g3 Nf6 2. Bg2 d5 3. c4 e6 4. Nf3 Be7 5. O-O O-O 6. d4 Nbd7 7. Qc2 c6 8. Nbd2
Re8 9. b3 Bf8 10. Bb2 g6 11. Rfe1 Rb8 12. e4 dxe4 13. Nxe4 Nxe4 14. Qxe4 Bg7
15. Rad1 Qc7 16. Bc1 Ra8 17. Qh4 Qa5 18. Re2 c5 19. d5 e5 20. Ng5 Nf6 21. Ne4
Nxe4 22. Bxe4 Bd7 23. d6 Rab8 24. Bg5 b5 25. Bd5 bxc4 26. bxc4 Qc3 27. Re3 Qc2
28. Rf1 Rb1 29. Rf3 Rxf1+ 30. Kxf1 Re6 31. Be3 Rf6 32. Kg2 Rxf3 33. Qd8+ Bf8
34. Bxf3 Qf5 35. Qa8 Qh3+ 36. Kg1 Kg7 37. Qd5 Qf5 38. Be4 Qf6 39. Bxc5 Be6 40.
Qd3 Bd7 41. Bb4 Qg5 42. Bd2 Qg4 43. c5 Qd1+ 44. Kg2 Qa4 45. Qd5 Qb5 1-0

[Event "Druga liga Srbije grupa Vojvodina 2013"]
[Site "Stari Banovci"]
[Date "2013.11.04"]
[Round "1.6"]
[White "Pezelj, Novak"]
[Black "Bodiroga, Predrag"]
[Result "1/2-1/2"]
[WhiteElo "2352"]
[BlackElo "2389"]
[PlyCount "50"]
[EventDate "2013.11.04"]

1. e4 c6 2. d4 d5 3. Nc3 dxe4 4. Nxe4 Bf5 5. Ng3 Bg6 6. N1e2 Nf6 7. c3 e6 8.
Qb3 Qb6 9. Nf4 Qxb3 10. axb3 Bd6 11. b4 Nbd7 12. Be2 O-O 13. Nxg6 hxg6 14. b5
cxb5 15. Bxb5 a6 16. Be2 Rac8 17. Bf3 Rc7 18. O-O e5 19. Rd1 exd4 20. Rxd4 Bxg3
21. hxg3 Ne5 22. Be2 Nc6 23. Rd1 Rd7 24. Be3 Re8 25. Bf1 Ne4 1/2-1/2

[Event "Druga liga Srbije grupa Vojvodina 2013"]
[Site "Stari Banovci"]
[Date "2013.11.04"]
[Round "1.6"]
[White "Levnajic, Pavle"]
[Black "Robulj, Nenad"]
[Result "1/2-1/2"]
[WhiteElo "2251"]
[BlackElo "2322"]
[PlyCount "24"]
[EventDate "2013.11.04"]

1. d4 Nf6 2. Nf3 g6 3. c4 Bg7 4. Nc3 d5 5. cxd5 Nxd5 6. e4 Nxc3 7. bxc3 O-O 8.
Be2 c5 9. O-O cxd4 10. cxd4 Nc6 11. Be3 Bg4 12. d5 Ne5 1/2-1/2

[Event "Druga liga Srbije grupa Vojvodina 2013"]
[Site "Stari Banovci"]
[Date "2013.11.04"]
[Round "1.6"]
[White "Joksimovic, Dragoljub"]
[Black "Remecki, Sinisa"]
[Result "1-0"]
[WhiteElo "2164"]
[BlackElo "2232"]
[PlyCount "57"]
[EventDate "2013.11.04"]

1. c4 Nf6 2. Nc3 e5 3. g3 d5 4. cxd5 Nxd5 5. Bg2 Nb6 6. Nf3 Nc6 7. O-O Be7 8.
d3 O-O 9. a3 a5 10. Bd2 Be6 11. Na4 f6 12. Rc1 Nxa4 13. Qxa4 Qd7 14. Rfd1 Bd6
15. Be3 Rad8 16. Qh4 Ne7 17. d4 Nf5 18. Qe4 Nxe3 19. Qxe3 exd4 20. Nxd4 Bf7 21.
Qd3 Be5 22. Qe4 Rfe8 23. e3 Qa4 24. f4 Bd5 25. Qxd5+ Rxd5 26. Bxd5+ Kh8 27.
fxe5 fxe5 28. Bb3 Qd7 29. Ne6 1-0

[Event "Druga liga Srbije grupa Vojvodina 2013"]
[Site "Stari Banovci"]
[Date "2013.11.04"]
[Round "1.6"]
[White "Onjin, Branko"]
[Black "Mitrovic, Zivadin"]
[Result "0-1"]
[WhiteElo "1987"]
[BlackElo "2187"]
[PlyCount "93"]
[EventDate "2013.11.04"]

1. c4 Nf6 2. Nf3 e6 3. Nc3 d5 4. cxd5 exd5 5. d4 c6 6. Bg5 Bd6 7. e3 Nbd7 8.
Bd3 h6 9. Bh4 Qa5 10. O-O O-O 11. a3 Re8 12. b4 Qc7 13. Rc1 Qd8 14. Qb3 a6 15.
Na4 Be7 16. Nc5 Nh5 17. Bxe7 Qxe7 18. Nxd7 Bxd7 19. Ne5 Nf6 20. a4 Ne4 21. Bxe4
dxe4 22. Nxd7 Qxd7 23. a5 Rad8 24. Rc5 Qg4 25. Qd1 Qg6 26. Qh5 Qe6 27. Re5 Qf6
28. Rxe8+ Rxe8 29. Qc5 Rd8 30. Qb6 Qe7 31. Rc1 Kh7 32. h3 Rd7 33. Rc5 f6 34.
Rc3 Qe6 35. Qc5 Kg6 36. Kf1 Kf7 37. Ke2 Qa2+ 38. Rc2 Qb1 39. Rc1 Qd3+ 40. Ke1
Rd5 41. Qc4 Qa3 42. Qc3 Qa4 43. Ra1 Qb5 44. Rc1 Ke7 45. Kd2 Rg5 46. g3 Qf5 47.
Qc5+ 0-1

[Event "Druga liga Srbije grupa Vojvodina 2013"]
[Site "Stari Banovci"]
[Date "2013.11.04"]
[Round "1.6"]
[White "Vlajkovic, Goran"]
[Black "Jacimovic, Zoran"]
[Result "1/2-1/2"]
[WhiteElo "2173"]
[BlackElo "2169"]
[PlyCount "20"]
[EventDate "2013.11.04"]

1. d4 d5 2. c4 c6 3. Nc3 Nf6 4. Nf3 a6 5. c5 Nbd7 6. Bf4 g6 7. h3 Bg7 8. e3 O-O
9. Be2 b6 10. cxb6 Qxb6 1/2-1/2

[Event "Druga liga Srbije grupa Vojvodina 2013"]
[Site "Stari Banovci"]
[Date "2013.11.04"]
[Round "1.6"]
[White "Zarin, David"]
[Black "Besedes, Danilo"]
[Result "0-1"]
[WhiteElo "1916"]
[BlackElo "1974"]
[PlyCount "53"]
[EventDate "2013.11.04"]

1. e4 e5 2. Nf3 Nc6 3. Bc4 Be7 4. d4 d6 5. dxe5 dxe5 6. O-O Qxd1 7. Rxd1 Bg4 8.
Be3 Nf6 9. Nc3 O-O 10. a3 a6 11. Rd2 Bd6 12. Ne1 b5 13. Bb3 Na5 14. Ba2 Nc4 15.
Bxc4 bxc4 16. f3 Bd7 17. Nd1 Rab8 18. c3 Ba4 19. Nc2 a5 20. Bf2 Nd7 21. Nde3
Nc5 22. Rb1 Bb3 23. Nf1 Nd3 24. Nfe3 Nc5 25. Nf1 Nd3 26. Nce3 f6 27. Be1 0-1

[Event "Druga liga Srbije grupa Vojvodina 2013"]
[Site "Stari Banovci"]
[Date "2013.11.04"]
[Round "1.5"]
[White "Stojanovic, Vlastimir"]
[Black "Jovic, Stevan"]
[Result "0-1"]
[WhiteElo "2205"]
[BlackElo "2244"]
[PlyCount "101"]
[EventDate "2013.11.04"]

1. e4 c6 2. d4 d5 3. exd5 cxd5 4. Bd3 Nf6 5. Nf3 Bg4 6. c3 Nc6 7. Bf4 e6 8.
Nbd2 Bd6 9. Bxd6 Qxd6 10. O-O O-O 11. Qe1 Nd7 12. Qe3 f6 13. c4 Rae8 14. Rac1
Bh5 15. Rfe1 Re7 16. Bf1 Bf7 17. cxd5 exd5 18. Qb3 Rxe1 19. Rxe1 Nb6 20. Qb5
Qc7 21. Nb3 a6 22. Qc5 Nc4 23. Bxc4 b6 24. Qa3 dxc4 25. Nbd2 a5 26. Rc1 Nb4 27.
Nxc4 Rc8 28. Rc3 Nd5 29. Rc2 Nb4 30. Rc3 Bxc4 31. b3 Qf7 32. bxc4 Rxc4 33. Rxc4
Qxc4 34. Qe3 Kf7 35. Qf4 Ke7 36. a3 Nd3 37. Qe4+ Kd6 38. g3 Qc1+ 39. Kg2 Qh1+
40. Kxh1 Nxf2+ 41. Kg2 Nxe4 42. Nh4 g6 43. Kf3 Nd2+ 44. Ke2 Nb1 45. Kd3 Nxa3
46. Nf3 Kd5 47. Ne1 b5 48. Ng2 Nc4 49. Nf4+ Kd6 50. Kc3 Ne3 51. Nd5 0-1

[Event "Druga liga Srbije grupa Vojvodina 2013"]
[Site "Stari Banovci"]
[Date "2013.11.06"]
[Round "4.1"]
[White "Sertic, Rudolf"]
[Black "Marholev, Dimitar"]
[Result "1/2-1/2"]
[WhiteElo "2358"]
[BlackElo "2303"]
[PlyCount "74"]
[EventDate "2013.11.04"]

1. d4 Nf6 2. Nf3 e6 3. c4 b6 4. a3 Bb7 5. Nc3 d5 6. Bg5 Be7 7. e3 Nbd7 8. Rc1
O-O 9. cxd5 exd5 10. Bb5 a6 11. Ba4 c5 12. Bxd7 Qxd7 13. Na4 Qb5 14. Bxf6 Bxf6
15. dxc5 Bxb2 16. Nxb2 Qxb2 17. c6 Bc8 18. Nd4 Qxa3 19. O-O Qd6 20. Rb1 b5 21.
Qb3 Rd8 22. Rfc1 Ra7 23. Qc3 h5 24. Qa5 Rc7 25. h4 Qe7 26. Qb6 Kh7 27. Rc5 Rd6
28. Rbc1 g6 29. g3 Rf6 30. R1c2 Qd6 31. Rxd5 Qxd5 32. Qxc7 Bf5 33. Qe7 Bh3 34.
f3 Rxf3 35. Nxf3 Qxf3 36. Kh2 Kg8 37. Qe5 Be6 1/2-1/2

[Event "Druga liga Srbije grupa Vojvodina 2013"]
[Site "Stari Banovci"]
[Date "2013.11.06"]
[Round "4.1"]
[White "Kolognat, Petar"]
[Black "Petkovic, Radosav"]
[Result "1/2-1/2"]
[WhiteElo "2293"]
[BlackElo "2264"]
[PlyCount "23"]
[EventDate "2013.11.04"]

1. e4 e5 2. Nf3 Nc6 3. Nc3 Nf6 4. d4 exd4 5. Nxd4 Bb4 6. Nxc6 bxc6 7. Bd3 O-O
8. O-O d5 9. exd5 cxd5 10. Bg5 c6 11. Qf3 Bd7 12. h3 1/2-1/2

[Event "Druga liga Srbije grupa Vojvodina 2013"]
[Site "Stari Banovci"]
[Date "2013.11.06"]
[Round "4.1"]
[White "Kokeza, Mirko"]
[Black "Mastrapovic, Vladimir"]
[Result "1-0"]
[WhiteElo "2280"]
[BlackElo "2280"]
[PlyCount "71"]
[EventDate "2013.11.04"]

1. d4 Nf6 2. c4 g6 3. Nc3 d5 4. Nf3 Bg7 5. e3 O-O 6. b4 c6 7. Qb3 a5 8. b5 a4
9. Qb4 dxc4 10. Bxc4 cxb5 11. Bxb5 Nc6 12. Bxc6 bxc6 13. O-O Ba6 14. Re1 Nd5
15. Nxd5 Qxd5 16. Qxe7 c5 17. Bb2 Rfd8 18. Qh4 Rab8 19. Bc3 a3 20. Rec1 Rb2 21.
dxc5 Bxc3 22. Rxc3 Qxa2 23. Rcc1 Qd5 24. Qa4 Ra8 25. Qxa3 Rb3 26. Qa4 Bb7 27.
Qd4 Rxa1 28. Qxa1 Rd3 29. h4 h6 30. Qa4 Bc6 31. Qf4 Kh7 32. e4 Qxe4 33. Qxf7+
Kh8 34. Rb1 Rd8 35. Qf6+ Kh7 36. Re1 1-0

[Event "Druga liga Srbije grupa Vojvodina 2013"]
[Site "Stari Banovci"]
[Date "2013.11.06"]
[Round "4.1"]
[White "Bogic, Stevan"]
[Black "Jovic, Stevan"]
[Result "1/2-1/2"]
[WhiteElo "2195"]
[BlackElo "2244"]
[PlyCount "31"]
[EventDate "2013.11.04"]

1. d4 d5 2. c4 c6 3. Nf3 Nf6 4. Nc3 dxc4 5. a4 Bf5 6. Ne5 e6 7. g3 Bb4 8. Bg2
Ne4 9. O-O Nxc3 10. bxc3 Bxc3 11. Ba3 Qxd4 12. Nxc4 Bxa1 13. Nd6+ Kd7 14. Qb3
Qb6 15. Qd1 Qd4 16. Qb3 1/2-1/2

[Event "Druga liga Srbije grupa Vojvodina 2013"]
[Site "Stari Banovci"]
[Date "2013.11.06"]
[Round "4.1"]
[White "Dokic, Zoran"]
[Black "Markovic, Dragan M"]
[Result "1/2-1/2"]
[WhiteElo "2179"]
[BlackElo "2022"]
[PlyCount "88"]
[EventDate "2013.11.04"]

1. d4 Nf6 2. Nc3 d6 3. e4 c5 4. d5 a6 5. a4 g6 6. Nf3 Bg4 7. Be2 Bxf3 8. Bxf3
Bg7 9. Be3 Nbd7 10. g4 Ne5 11. Be2 h5 12. g5 Ng8 13. f4 Nd7 14. a5 Qc7 15. Qd2
Rd8 16. Bc4 Nf8 17. f5 Nd7 18. fxg6 fxg6 19. O-O Ne5 20. Bb3 Kd7 21. Ne2 Ng4
22. c3 N8f6 23. gxf6 Nxf6 24. Bc2 Rdg8 25. Nf4 Ng4 26. Ne6 Qb8 27. Ba4+ Kc8 28.
Rf7 Bf6 29. Bg5 Ne5 30. Bxf6 Nf3+ 31. Kg2 Nxd2 32. Rxe7 g5 33. Bc2 Nc4 34. Re1
Re8 35. Rc7+ Qxc7 36. Nxc7 Kxc7 37. Bxh8 Rxh8 38. b4 cxb4 39. cxb4 Rf8 40. Bd3
Ne5 41. Re3 Kd7 42. Be2 Rc8 43. Rb3 Rc2 44. Kf1 Rc7 1/2-1/2

[Event "Druga liga Srbije grupa Vojvodina 2013"]
[Site "Stari Banovci"]
[Date "2013.11.06"]
[Round "4.2"]
[White "Dekic, Josip"]
[Black "Onjin, Branko"]
[Result "1-0"]
[WhiteElo "2276"]
[BlackElo "1987"]
[PlyCount "66"]
[EventDate "2013.11.04"]

1. e4 e6 2. d4 d5 3. e5 c5 4. c3 Nc6 5. Nf3 Qb6 6. a3 Bd7 7. b4 cxd4 8. cxd4
Nge7 9. Nc3 Ng6 10. Na4 Qd8 11. Be2 Be7 12. O-O O-O 13. g3 f6 14. exf6 Bxf6 15.
Nc5 Bc8 16. Bb2 b6 17. Nd3 Bd7 18. Nde5 Ngxe5 19. dxe5 Be7 20. Bd3 Rf7 21. h4
g5 22. hxg5 Bxg5 23. Qe2 Rg7 24. Bc1 Bxc1 25. Raxc1 Ne7 26. Nd4 Rc8 27. Qe3 Ng6
28. Bxg6 Rxg6 29. Rxc8 Qxc8 30. Rc1 Qb8 31. Nc6 Bxc6 32. Rxc6 h6 33. Qc3 Kg7
1-0

[Event "Druga liga Srbije grupa Vojvodina 2013"]
[Site "Stari Banovci"]
[Date "2013.11.06"]
[Round "4.2"]
[White "Jacimovic, Zoran"]
[Black "Tokovic, Svetozar"]
[Result "1/2-1/2"]
[WhiteElo "2169"]
[BlackElo "2237"]
[PlyCount "101"]
[EventDate "2013.11.04"]

1. e4 e5 2. Nf3 Nc6 3. Bc4 Nf6 4. d3 Be7 5. O-O O-O 6. Re1 d6 7. c3 Na5 8. Bb5
a6 9. Ba4 b5 10. Bc2 c5 11. Nbd2 Re8 12. Nf1 Bf8 13. d4 Nc6 14. d5 Nb8 15. a4
Bb7 16. c4 b4 17. a5 Bc8 18. Ng3 g6 19. h3 Bg7 20. Be3 h6 21. Qd2 Kh7 22. Nh2
Nbd7 23. Ba4 Rf8 24. Ng4 Nxg4 25. hxg4 Nf6 26. f3 Rh8 27. Kf2 Kg8 28. Rh1 g5
29. Bc6 Rb8 30. b3 Qc7 31. Qa2 Nh7 32. Qa4 Nf6 33. Nh5 Nxh5 34. Rxh5 Bb7 35.
Bd7 Rd8 36. Bf5 Bc8 37. Rd1 Bd7 38. Bxd7 Qxd7 39. Qc6 Qc8 40. g3 Bf8 41. Qxc8
Rxc8 42. Rdh1 Bg7 43. f4 f6 44. Ke2 Kf7 45. fxe5 fxe5 46. Rf1+ Kg6 47. Rf5 Rcf8
48. Rh1 Rf6 49. Bd2 Rhf8 50. Kf3 R8f7 51. Ke3 1/2-1/2

[Event "Druga liga Srbije grupa Vojvodina 2013"]
[Site "Stari Banovci"]
[Date "2013.11.06"]
[Round "4.2"]
[White "Ivanovic, Miroslav"]
[Black "Zarin, David"]
[Result "1-0"]
[WhiteElo "2069"]
[BlackElo "1916"]
[PlyCount "55"]
[EventDate "2013.11.04"]

1. c4 e5 2. g3 Nc6 3. Bg2 f5 4. Nc3 Nf6 5. d3 Bb4 6. Bd2 O-O 7. a3 Bxc3 8. Bxc3
d6 9. b4 Kh8 10. b5 Ne7 11. Nf3 e4 12. Nd4 c6 13. bxc6 bxc6 14. O-O d5 15. Bb4
Bd7 16. Bd6 Ne8 17. Bc5 Nc7 18. Rb1 Ne6 19. Nxe6 Bxe6 20. Rb7 Rf7 21. Qa4 Nc8
22. Qxc6 Rxb7 23. Qxb7 Nb6 24. Bd4 Qg8 25. c5 Nd7 26. c6 Nb6 27. Rb1 h6 28. Rb4
1-0

[Event "Druga liga Srbije grupa Vojvodina 2013"]
[Site "Stari Banovci"]
[Date "2013.11.06"]
[Round "4.2"]
[White "Adamov, Ivan"]
[Black "Roganovic, Nebojsa"]
[Result "1-0"]
[WhiteElo "1901"]
[BlackElo "2222"]
[PlyCount "73"]
[EventDate "2013.11.04"]

1. e4 d5 2. exd5 Nf6 3. d4 Nxd5 4. Nf3 g6 5. c4 Nb6 6. Nc3 Bg7 7. c5 Nd5 8. Bc4
c6 9. O-O O-O 10. Re1 h6 11. Qb3 e6 12. Ne4 b6 13. Nd6 Nd7 14. Bxd5 cxd5 15.
Qa3 bxc5 16. dxc5 Qc7 17. Be3 Bb7 18. Rac1 Bc6 19. b4 a6 20. Bf4 Qd8 21. Qe3
Qf6 22. Bxh6 d4 23. Bxg7 dxe3 24. Bxf6 exf2+ 25. Kxf2 Nxf6 26. Ne5 Ba4 27. c6
Ne8 28. Ndc4 Ra7 29. Nb6 Bxc6 30. Rxc6 Nf6 31. Rec1 Rb7 32. a4 Nd5 33. Nxd5
exd5 34. Nd3 a5 35. b5 Re7 36. Rc8 Re4 37. b6 1-0

[Event "Druga liga Srbije grupa Vojvodina 2013"]
[Site "Stari Banovci"]
[Date "2013.11.06"]
[Round "4.3"]
[White "Indjic, Dusan"]
[Black "Pezelj, Novak"]
[Result "0-1"]
[WhiteElo "2291"]
[BlackElo "2352"]
[PlyCount "92"]
[EventDate "2013.11.04"]

1. d4 e6 2. g3 c5 3. Nf3 Nf6 4. Bg2 Qc7 5. O-O Be7 6. Bf4 d6 7. c4 cxd4 8. Nxd4
a6 9. Nb3 Nbd7 10. Nc3 Ne5 11. Rc1 Ng6 12. Bd2 O-O 13. Na4 Rb8 14. c5 dxc5 15.
Naxc5 Qd6 16. Qc2 b6 17. Nd3 a5 18. Rfd1 Ba6 19. Nf4 Rbc8 20. Bc3 Qb8 21. Nxg6
hxg6 22. Nd4 Nd5 23. Bxd5 exd5 24. Qd2 Rfd8 25. e3 Qb7 26. Ne2 g5 27. b3 Qd7
28. Bd4 Qh3 29. f3 Bb4 30. Nc3 Rc6 31. Qb2 Qf5 32. Kg2 g4 33. f4 Rdc8 34. Kg1
Qe6 35. Kf2 Qd6 36. Nb1 Qh6 37. Kg1 Qg6 38. Rxc6 Rxc6 39. Nc3 Bxc3 40. Bxc3 Qe4
41. Qd2 f6 42. Rc1 Qf3 43. Qf2 Rxc3 44. Rxc3 Qd1+ 45. Kg2 Be2 46. e4 d4 0-1

[Event "Druga liga Srbije grupa Vojvodina 2013"]
[Site "Stari Banovci"]
[Date "2013.11.06"]
[Round "4.3"]
[White "Robulj, Nenad"]
[Black "Petakov, Uros"]
[Result "1/2-1/2"]
[WhiteElo "2322"]
[BlackElo "2348"]
[PlyCount "45"]
[EventDate "2013.11.04"]

1. e4 c5 2. Nf3 g6 3. c3 Bg7 4. d4 cxd4 5. cxd4 d5 6. e5 Bg4 7. Bb5+ Nc6 8.
Nbd2 Nh6 9. O-O O-O 10. Bxc6 bxc6 11. h3 Bxf3 12. Nxf3 f6 13. b3 Nf7 14. exf6
exf6 15. Qc2 Rc8 16. Ba3 Re8 17. Bc5 Qd7 18. Rfe1 Nd6 19. Rxe8+ Rxe8 20. Bxd6
Qxd6 21. Rc1 Re6 22. Qd2 Bf8 23. Re1 1/2-1/2

[Event "Druga liga Srbije grupa Vojvodina 2013"]
[Site "Stari Banovci"]
[Date "2013.11.06"]
[Round "4.3"]
[White "Stanojevic, Branko"]
[Black "Joksimovic, Dragoljub"]
[Result "0-1"]
[WhiteElo "2291"]
[BlackElo "2164"]
[PlyCount "66"]
[EventDate "2013.11.04"]

1. Nf3 g6 2. g3 Bg7 3. Bg2 Nh6 4. c4 d6 5. d4 c6 6. Nc3 Bf5 7. Nh4 Be6 8. d5
cxd5 9. cxd5 Bd7 10. Be3 O-O 11. O-O a5 12. Qb3 Ng4 13. Bb6 Qe8 14. a4 Na6 15.
h3 Nf6 16. Nb5 h6 17. Rfc1 g5 18. Nf3 Bxb5 19. axb5 Nb4 20. Bxa5 Nbxd5 21. e4
b6 22. exd5 bxa5 23. Rc7 Nd7 24. Bf1 Nc5 25. Qc2 Qd8 26. Rc6 a4 27. Bc4 Qa5 28.
Re1 Rfe8 29. Re2 Qb4 30. Ba2 a3 31. bxa3 Rxa3 32. Qf5 Qxb5 33. Kf1 Rxa2 0-1

[Event "Druga liga Srbije grupa Vojvodina 2013"]
[Site "Stari Banovci"]
[Date "2013.11.06"]
[Round "4.3"]
[White "Mitrovic, Zivadin"]
[Black "Kovacevic, Dragan"]
[Result "0-1"]
[WhiteElo "2187"]
[BlackElo "2236"]
[PlyCount "116"]
[EventDate "2013.11.04"]

1. b4 a5 2. b5 c6 3. a4 g6 4. Bb2 Nf6 5. e3 Bg7 6. Nf3 O-O 7. Be2 d6 8. d4 Nbd7
9. c4 e6 10. O-O Qc7 11. Nbd2 c5 12. Qc2 b6 13. Rac1 Bb7 14. Rfd1 h6 15. h3 Kh7
16. Bd3 Rac8 17. Ne4 Nxe4 18. Bxe4 Rfd8 19. Bxb7 Qxb7 20. d5 e5 21. e4 Rf8 22.
Re1 Qc7 23. g4 Qd8 24. Nh2 h5 25. Qe2 hxg4 26. hxg4 Bh6 27. Rc3 Bf4 28. Bc1 Qg5
29. Qf3 Kg7 30. Qg2 Bxc1 31. Rexc1 Rh8 32. R1c2 Rh7 33. Nf1 Rch8 34. Rg3 Nf6
35. f3 Kf8 36. Kf2 Qf4 37. Ke2 Rh1 38. Qf2 Nh7 39. Rg1 Rh3 40. Qe3 Ng5 41. Qxf4
exf4 42. Nd2 Rh2+ 43. Kd3 R8h3 44. Rf1 Rg2 45. Rc3 Rhh2 46. Rc2 Re2 47. Kc3 Ke7
48. Rb2 Re3+ 49. Kc2 Nxf3 50. Kc1 Ne5 51. Rc2 f3 52. Kb2 Nd3+ 53. Ka1 Ree2 54.
Rd1 Nf2 55. Rf1 Nxe4 56. Rxf3 Nxd2 57. Rfc3 Nb3+ 58. Kb2 Rxc2+ 0-1

[Event "Druga liga Srbije grupa Vojvodina 2013"]
[Site "Stari Banovci"]
[Date "2013.11.06"]
[Round "4.3"]
[White "Besedes, Danilo"]
[Black "Skoko, Milan"]
[Result "1/2-1/2"]
[WhiteElo "1974"]
[BlackElo "2239"]
[PlyCount "115"]
[EventDate "2013.11.04"]

1. d4 f5 2. c4 Nf6 3. Nc3 e6 4. Nf3 Be7 5. g3 O-O 6. Bg2 d6 7. O-O a5 8. Qc2
Nc6 9. e4 fxe4 10. Nxe4 e5 11. dxe5 dxe5 12. Nxf6+ Bxf6 13. Be3 Nb4 14. Qa4 Qe8
15. Qxe8 Rxe8 16. a3 Nc2 17. Rad1 Nxe3 18. fxe3 Be6 19. c5 Red8 20. h4 h6 21.
Nd2 c6 22. Ne4 Be7 23. Rfe1 a4 24. Bf3 Bd5 25. Rc1 Ra5 26. Red1 Rf8 27. Bg2
Bxe4 28. Bxe4 Rxc5 29. Kg2 Rxc1 30. Rxc1 Rd8 31. Rc2 Kf7 32. Kf3 Ke6 33. Ke2
Ra8 34. Bg2 Kd6 35. Rd2+ Kc7 36. Bh3 Bd6 37. Be6 Rf8 38. g4 b5 39. Bf5 b4 40.
Rc2 Rb8 41. Rc4 Be7 42. h5 bxa3 43. bxa3 Bxa3 44. Rxa4 Bc5 45. Rc4 Rb5 46. Be4
Kd6 47. Rc3 Rb2+ 48. Kf3 Ra2 49. Rd3+ Kc7 50. Rc3 Ra5 51. Ke2 Kb6 52. Kf3 Ra4
53. Bf5 Be7 54. Bd7 e4+ 55. Kf4 Kc7 56. Be6 Bd6+ 57. Kf5 Ra7 58. Kg6 1/2-1/2

[Event "Druga liga Srbije grupa Vojvodina 2013"]
[Site "Stari Banovci"]
[Date "2013.11.06"]
[Round "4.4"]
[White "Cabarkapa, Novak"]
[Black "Sekulic, Dusan"]
[Result "1-0"]
[WhiteElo "2402"]
[BlackElo "2298"]
[PlyCount "118"]
[EventDate "2013.11.04"]

1. e4 d6 2. d4 Nf6 3. Nc3 g6 4. Nf3 Bg7 5. Bd3 O-O 6. h3 c6 7. O-O Nbd7 8. Be3
e5 9. dxe5 dxe5 10. a4 a5 11. Nd2 Nh5 12. Re1 Nf4 13. Bf1 Qf6 14. Nc4 Rd8 15.
Qc1 Bf8 16. Rd1 Be7 17. Kh1 Ne6 18. Nd6 Nd4 19. Nxc8 Raxc8 20. Nb1 Nc5 21. Nd2
Rd7 22. Re1 Bd8 23. Ra3 Bc7 24. c3 Nde6 25. Qc2 Rcd8 26. Raa1 Rxd2 27. Bxd2
Qxf2 28. Re2 Qh4 29. Rd1 Nd3 30. Be1 Qf4 31. Bf2 Nxf2+ 32. Rxf2 Qe3 33. Rf3 Qc5
34. Rxd8+ Bxd8 35. Qf2 Qe7 36. Rd3 Bc7 37. Rd1 Nc5 38. Qc2 Qh4 39. Bd3 Qg3 40.
Qe2 Nxa4 41. Bc2 Nb6 42. Rf1 Kh8 43. Rxf7 Nc4 44. Qxc4 Bb6 45. Qf1 Qg5 46. Rxb7
Bc5 47. b4 axb4 48. cxb4 Bd6 49. Qf7 Qc1+ 50. Kh2 Qf4+ 51. Qxf4 exf4 52. Kg1 h5
53. h4 Kg8 54. Kf2 Kf8 55. Kf3 Kg8 56. Rb6 Bc7 57. Rxc6 Be5 58. Rxg6+ Kh7 59.
Rg5 Kh6 1-0

[Event "Druga liga Srbije grupa Vojvodina 2013"]
[Site "Stari Banovci"]
[Date "2013.11.06"]
[Round "4.4"]
[White "Azaric, Slavko"]
[Black "Varga, Zoltan"]
[Result "1/2-1/2"]
[WhiteElo "2294"]
[BlackElo "2441"]
[PlyCount "25"]
[EventDate "2013.11.04"]

1. e4 d6 2. d4 Nf6 3. Nc3 Nbd7 4. g4 h6 5. h3 e5 6. Nge2 c6 7. Be3 b5 8. d5 Bb7
9. Ng3 cxd5 10. Nxd5 a6 11. c4 Bxd5 12. cxd5 Nc5 13. Qc2 1/2-1/2

[Event "Druga liga Srbije grupa Vojvodina 2013"]
[Site "Stari Banovci"]
[Date "2013.11.06"]
[Round "4.4"]
[White "Jesenski, Tibor"]
[Black "Vencl, Radivoje"]
[Result "1-0"]
[WhiteElo "2328"]
[BlackElo "2284"]
[PlyCount "143"]
[EventDate "2013.11.04"]

1. d4 d5 2. c4 c6 3. Nf3 Nf6 4. Nc3 Bf5 5. g3 e6 6. Bg2 Nbd7 7. O-O Be7 8. b3
Ne4 9. Nxe4 Bxe4 10. Bb2 O-O 11. Qd2 a5 12. c5 b6 13. cxb6 Qxb6 14. Ne1 Bxg2
15. Kxg2 a4 16. bxa4 Rxa4 17. Nd3 Rfa8 18. Bc3 Qa7 19. Rfb1 h6 20. Rb2 Nb6 21.
Ne5 Nc4 22. Nxc4 Rxc4 23. Rab1 Bf6 24. Rb7 Qxa2 25. Ra1 Qxa1 26. Bxa1 Rxa1 27.
e3 c5 28. Rb8+ Kh7 29. Qd3+ g6 30. Qb3 Rb4 31. Rxb4 cxb4 32. Qxb4 Kg7 33. Qb2
Ra7 34. g4 g5 35. Kf1 Ra4 36. h3 Ra8 37. Kg2 Ra4 38. Kg3 Be7 39. Qb6 Ra3 40.
Qc7 Bf6 41. Kg2 Ra2 42. Qb7 Ra4 43. Qb2 Rc4 44. Kf1 Kg8 45. Ke2 Kg7 46. Kd3 Ra4
47. Kc2 Rc4+ 48. Kd3 Ra4 49. Qb1 Ra3+ 50. Kc2 Ra4 51. Kb3 Rc4 52. Qf1 Bxd4 53.
exd4 Rxd4 54. Qa1 e5 55. Qc3 Re4 56. Qc6 Rd4 57. Qd6 Rd3+ 58. Kc2 e4 59. Qh2
Rf3 60. Kd2 Rf4 61. Ke3 Kf6 62. Kd4 Ke6 63. Qg3 f5 64. Qb3 e3+ 65. Kxe3 fxg4
66. hxg4 Re4+ 67. Kd3 Rxg4 68. Qb6+ Ke5 69. Qc7+ Kf5 70. Qd7+ Kf4 71. Qxd5 Rh4
72. Qe4# 1-0

[Event "Druga liga Srbije grupa Vojvodina 2013"]
[Site "Stari Banovci"]
[Date "2013.11.06"]
[Round "4.4"]
[White "Vucinic, Gojko"]
[Black "Arbutina, Sinisa"]
[Result "1-0"]
[WhiteElo "2294"]
[BlackElo "2280"]
[PlyCount "58"]
[EventDate "2013.11.04"]

1. e4 e5 2. Nf3 Nc6 3. Bc4 Bc5 4. c3 Nf6 5. d4 exd4 6. e5 d5 7. Be2 Ne4 8. cxd4
Be7 9. O-O O-O 10. Be3 f6 11. exf6 Bxf6 12. Nc3 Be6 13. Qc2 Nd6 14. Qb3 Na5 15.
Qb4 Nc6 16. Qc5 Nf5 17. Rfd1 Nxe3 18. fxe3 a6 19. Na4 Ne7 20. Rac1 Bd7 21. Qc2
Nf5 22. Rd3 Nd6 23. Nc5 Bf5 24. Qb3 c6 25. Rdc3 Qe7 26. Nxb7 Qxb7 27. Rxc6 Qxb3
28. axb3 Rfc8 29. Bxa6 Rxa6 1-0

[Event "Druga liga Srbije grupa Vojvodina 2013"]
[Site "Stari Banovci"]
[Date "2013.11.06"]
[Round "4.4"]
[White "Marjanusic, Vladimir"]
[Black "Stojanovic, Vlastimir"]
[Result "1-0"]
[WhiteElo "2272"]
[BlackElo "2205"]
[PlyCount "175"]
[EventDate "2013.11.04"]

1. e4 d5 2. exd5 Nf6 3. Bb5+ Bd7 4. Be2 Nxd5 5. d4 Bf5 6. Nf3 e6 7. O-O Be7 8.
a3 O-O 9. c4 Nb6 10. Nc3 Nc6 11. Be3 Bf6 12. b4 a6 13. Qb3 Nxd4 14. Bxd4 Bxd4
15. Rad1 e5 16. Nxe5 Qf6 17. Rxd4 Qxe5 18. Rfd1 c6 19. a4 a5 20. b5 Qc5 21. Na2
Rfe8 22. Bf1 h5 23. h3 g6 24. g3 Be4 25. Nc3 Bf3 26. R1d3 f5 27. Rd6 Kh7 28.
Rf6 Be4 29. Rdd6 Nc8 30. Nxe4 fxe4 31. Rd7+ Re7 32. Rd8 Nb6 33. Rxa8 Nxa8 34.
bxc6 bxc6 35. Qe3 Qxe3 36. fxe3 Nb6 37. Rxc6 Nxa4 38. Ra6 Re5 39. Kf2 Rf5+ 40.
Ke2 Nb2 41. Bg2 Re5 42. c5 Rxc5 43. Bxe4 Rg5 44. Kf3 Nc4 45. Kf4 Kh6 46. Rc6
Nd2 47. Bd3 Nb3 48. Bc2 Nd2 49. Bd3 Nb3 50. e4 Rc5 51. Ra6 Nc1 52. Bb1 Ne2+ 53.
Kf3 Nc3 54. Bd3 Re5 55. Kf4 Rg5 56. e5 Nd5+ 57. Ke4 Nb4 58. Rxa5 Nxd3 59. Kxd3
Rxg3+ 60. Ke4 Rxh3 61. e6 Rh1 62. Re5 Ra1 63. e7 Re1+ 64. Kd4 Rd1+ 65. Kc3 Rc1+
66. Kd2 Rc8 67. e8=R Rc4 68. Re4 Rc5 69. R8e5 Rc6 70. Ke3 Rc1 71. Re6 Rc5 72.
Rf4 Rg5 73. Kf2 Ra5 74. Rf3 h4 75. Rff6 Rg5 76. Rf4 Rh5 77. Kg2 Kg5 78. Ree4
h3+ 79. Kh2 Rh7 80. Rg4+ Kf5 81. Ref4+ Ke5 82. Rf3 Rg7 83. Kxh3 g5 84. Ra4 Rh7+
85. Kg3 Rh1 86. Rd3 Rg1+ 87. Kf2 Rc1 88. Ra5+ 1-0